Tutela judicial efectiva y rápida ante la irregularidad administrativa / (Registro nro. 6464)
[ vista simple ]
| 000 -LEADER | |
|---|---|
| fixed length control field | 01132nab a22002297a 4500 |
| 003 - CONTROL NUMBER IDENTIFIER | |
| control field | OSt |
| 005 - DATE AND TIME OF LATEST TRANSACTION | |
| control field | 20260209093438.0 |
| 008 - FIXED-LENGTH DATA ELEMENTS--GENERAL INFORMATION | |
| fixed length control field | 190506c xxu||||| |||| 00| 0 spa d |
| 040 ## - CATALOGING SOURCE | |
| Transcribing agency | PJ |
| 100 ## - MAIN ENTRY--PERSONAL NAME | |
| 9 (RLIN) | 4420 |
| Personal name | Toledo Ríos, Rafael E. |
| 245 10 - TITLE STATEMENT | |
| Title | Tutela judicial efectiva y rápida ante la irregularidad administrativa / |
| Statement of responsibility, etc | Rafael E. Toledo Ríos. |
| 260 ## - PUBLICATION, DISTRIBUTION, ETC. (IMPRINT) | |
| Place of publication, distribution, etc | Buenos Aires : |
| Name of publisher, distributor, etc | AbeledoPerrot, |
| Date of publication, distribution, etc | 2025. |
| 300 ## - PHYSICAL DESCRIPTION | |
| Extent | p. 85-88 |
| 500 ## - GENERAL NOTE | |
| General note | Cita: TR LALEY AR/DOC/80/2025<br/><br/> |
| 505 ## - FORMATTED CONTENTS NOTE | |
| Formatted contents note | Sumario: I. Introducción.— II. El caso.— III. El principio de tutela judicial efectiva.— IV. Contenido alimentario de los derechos previsionales. Protección especial. |
| 505 ## - FORMATTED CONTENTS NOTE | |
| Formatted contents note | Fallo comentado: CFed. Seg. Social, sala II ~ 13/08/2024 ~ Trujillo Ramona Antonia c. ANSeS s/ amparos y sumarísimos. |
| 505 ## - FORMATTED CONTENTS NOTE | |
| Title | ¿Te interesa el texto completo? Comunicate al correo: koha@justierradelfuego.gov.ar |
| 650 #0 - SUBJECT ADDED ENTRY--TOPICAL TERM | |
| 9 (RLIN) | 1316 |
| Topical term or geographic name as entry element | DERECHO LABORAL |
| 650 #0 - SUBJECT ADDED ENTRY--TOPICAL TERM | |
| 9 (RLIN) | 3637 |
| Topical term or geographic name as entry element | TUTELA JUDICIAL EFECTIVA |
| 773 0# - HOST ITEM ENTRY | |
| Host Biblionumber | 2751 |
| Host Itemnumber | 3202 |
| Place, publisher, and date of publication | Buenos Aires : AbeledoPerrot, 2013- |
| Title | Revista de derecho laboral y seguridad social. Nº 4 - Febrero 2025 |
| 942 ## - ADDED ENTRY ELEMENTS (KOHA) | |
| Source of classification or shelving scheme | |
| Koha item type | Analítica Artículo de Revista |
No hay ítems disponibles.
